| Tag |
First Indicator |
Second Indicator |
Subfields |
| LEADER |
00000cam a2200000 i 4500 |
| 001 |
in00004080331 |
| 005 |
20191030142803.0 |
| 006 |
m o d f |
| 007 |
cr bn||||||||| |
| 008 |
190531s2011 dcu ob f000 0 eng c |
| 035 |
|
|
|a (OCoLC)on1102812636
|
| 042 |
|
|
|a pcc
|
| 043 |
|
|
|a n-us---
|
| 040 |
|
|
|a GPO
|b eng
|e rda
|e pn
|c GPO
|d OCLCF
|d GPO
|d MvI
|
| 049 |
|
|
|a WWW
|
| 074 |
|
|
|a 0904-A-04 (online)
|
| 086 |
0 |
|
|a SE 1.42:491
|
| 110 |
1 |
|
|a United States.
|b Securities and Exchange Commission.
|b Office of Audits,
|e author.
|
| 245 |
1 |
0 |
|a Review of alternative work arrangements, overtime compensation, and COOP-related activities at the SEC.
|
| 264 |
|
1 |
|a Washington, D.C. :
|b U.S. Securities and Exchange Commission, Office of Inspector General, Office of Audits,
|c 2011.
|
| 300 |
|
|
|a 1 online resource (xv, 72 pages).
|
| 336 |
|
|
|a text
|b txt
|2 rdacontent
|
| 337 |
|
|
|a computer
|b c
|2 rdamedia
|
| 338 |
|
|
|a online resource
|b cr
|2 rdacarrier
|
| 490 |
1 |
|
|a Report ;
|v no. 491
|
| 500 |
|
|
|a "September 28, 2011."
|
| 504 |
|
|
|a Includes bibliographical references.
|
| 588 |
|
|
|a Description based on online resource, PDF version; title from cover (SEC website, viewed May 31, 2019).
|
| 610 |
1 |
0 |
|a United States.
|b Securities and Exchange Commission
|x Auditing.
|
| 610 |
1 |
0 |
|a United States.
|b Securities and Exchange Commission
|x Officials and employees.
|
| 610 |
1 |
0 |
|a United States.
|b Securities and Exchange Commission
|x Officials and employees
|x Workload.
|
| 650 |
|
0 |
|a Compressed workweek
|z United States.
|
| 650 |
|
0 |
|a Telecommuting
|z United States.
|
| 650 |
|
0 |
|a Overtime
|z United States.
|
| 830 |
|
0 |
|a Report (United States. Securities and Exchange Commission. Office of Audits) ;
|v no. 491.
|
| 856 |
4 |
0 |
|u https://purl.fdlp.gov/GPO/gpo121265
|t 0
|
| 999 |
f |
f |
|s 970afac6-f17d-3389-90f3-e27ff4eda49d
|i 4a2a1922-1e19-32e8-8d80-27f25f4ebd88
|t 0
|
| 952 |
f |
f |
|a Texas A&M University
|b College Station
|c Electronic Resources
|d Available Online
|t 0
|e SE 1.42:491
|h Superintendent of Documents classification
|
| 998 |
f |
f |
|a SE 1.42:491
|t 0
|l Available Online
|